[Event "FRA-chT2 0910"]
[Site "France"]
[Date "2009.11.22"]
[Round "4.4"]
[White "Leygue, Dominique"]
[Black "Pellegrin, Philippe"]
[Result "1-0"]
[WhiteElo "2287"]
[BlackElo "2013"]
[PlyCount "51"]
[EventDate "2009.09.27"]
[EventType "team-tourn"]
[EventRounds "11"]
[EventCountry "FRA"]
[SourceTitle "EXT 2011"]
[Source "ChessBase"]
[SourceDate "2010.11.26"]
[SourceVersion "1"]
[SourceVersionDate "2010.11.26"]
[SourceQuality "1"]

1. e4 c5 2. Nf3 d6 3. d4 cxd4 4. Nxd4 Nf6 5. Nc3 a6 6. Bg5 e6 7. f4 Be7 8. Qf3 Qc7 9. 0-0-0 Nc6 10. f5 Nxd4 11. Rxd4 b5 12. fxe6 fxe6 13. Bxf6 Bxf6 14. Bxb5+ axb5 15. Nxb5 Qa5 16. Nxd6+ Ke7 17. e5 Qxe5 18. Rhd1 Rxa2 19. Nxc8+ Rxc8 20. Qb7+ Kf8 21. Qxc8+ Kf7 22. Qb7+ Ke8 23. Kb1 Qa5 24. Rd8+ Bxd8 25. Qd7+ Kf8 26. Qxd8+ 1-0

[Event "FRA-chT2 0910"]
[Site "France"]
[Date "2009.10.17"]
[Round "2.5"]
[White "Entem, Alan"]
[Black "Leygue, Dominique"]
[Result "1-0"]
[WhiteElo "2115"]
[BlackElo "2304"]
[PlyCount "47"]
[EventDate "2009.09.27"]
[EventType "team-tourn"]
[EventRounds "11"]
[EventCountry "FRA"]
[SourceTitle "EXT 2011"]
[Source "ChessBase"]
[SourceDate "2010.11.26"]
[SourceVersion "1"]
[SourceVersionDate "2010.11.26"]
[SourceQuality "1"]

1. e4 e5 2. Nf3 Nc6 3. Bc4 Nf6 4. Ng5 Bc5 5. Bxf7+ Ke7 6. Bb3 Rf8 7. 0-0 d6 8. Nc3 Qe8 9. Nd5+ Kd8 10. c3 Qg6 11. d4 Nxd4 12. cxd4 Bxd4 13. Nxf6 Rxf6 14. Nf3 h6 15. Kh1 Bg4 16. Qd3 Qh5 17. Nxd4 exd4 18. f3 Bd7 19. Qxd4 Ke7 20. Bd2 Raf8 21. Rae1 Qh4 22. Qf2 Qh5 23. e5 dxe5 24. Bb4+ 1-0

[Event "FRA-chT2 0910"]
[Site "France"]
[Date "2009.10.04"]
[Round "1.4"]
[White "Leygue, Dominique"]
[Black "Diaz, Mickael"]
[Result "0-1"]
[WhiteElo "2304"]
[BlackElo "2223"]
[PlyCount "56"]
[EventDate "2009.09.27"]
[EventType "team-tourn"]
[EventRounds "11"]
[EventCountry "FRA"]
[SourceTitle "EXT 2011"]
[Source "ChessBase"]
[SourceDate "2010.11.26"]
[SourceVersion "1"]
[SourceVersionDate "2010.11.26"]
[SourceQuality "1"]

1. e4 c5 2. Nf3 Nc6 3. b3 d6 4. Bb2 e5 5. Bc4 Be7 6. 0-0 Nf6 7. Ng5 0-0 8. f4 h6 9. Nf3 exf4 10. e5 dxe5 11. Nxe5 Nxe5 12. Bxe5 Ng4 13. Bc3 Bd6 14. h3 Ne5 15. Qh5 Nxc4 16. bxc4 Qg5 17. Qf3 Bd7 18. Qxb7 Bxh3 19. Qd5 Qg6 20. d3 Rae8 21. Nd2 Re3 22. Rf2 Rfe8 23. Nf3 Re2 24. Nh4 Qg3 25. Qf3 Bg4 26. Rxe2 Rxe2 27. Qa8+ Kh7 28. Qd5 Qf2+ 0-1

[Event "FRA-chT2 South 0809"]
[Site "France"]
[Date "2009.04.04"]
[Round "10.3"]
[White "Leygue, Dominique"]
[Black "Bonnafous, Michel"]
[Result "0-1"]
[WhiteElo "2316"]
[BlackElo "2084"]
[PlyCount "73"]
[EventDate "2008.10.12"]
[EventType "team-tourn"]
[EventRounds "11"]
[EventCountry "FRA"]
[SourceTitle "EXT 2010"]
[Source "ChessBase"]
[SourceDate "2010.11.25"]
[SourceVersion "1"]
[SourceVersionDate "2010.11.25"]
[SourceQuality "1"]
[WhiteTeam "Saint Affrique"]
[BlackTeam "Hyeres II"]
[WhiteTeamCountry "FRA"]
[BlackTeamCountry "FRA"]

1. e4 g6 2. d4 Nf6 3. e5 Nh5 4. Be2 d6 5. Bxh5 gxh5 6. Qxh5 dxe5 7. dxe5 Rg8 8. Qxh7 Rxg2 9. Qe4 Rg4 10. f4 Bd7 11. Qe2 Qc8 12. Nf3 b5 13. Nc3 Qb7 14. Rf1 b4 15. e6 bxc3 16. exd7+ Nxd7 17. bxc3 0-0-0 18. Be3 Bg7 19. Rd1 Bxc3+ 20. Kf2 Rdg8 21. Rg1 Nf6 22. Ng5 Rh4 23. Kg3 Rgh8 24. Nf3 Rh3+ 25. Kf2 Rxh2+ 26. Rg2 Rxg2+ 27. Kxg2 Rg8+ 28. Kf1 Ne4 29. Qh2 Qc6 30. Qh7 Qb5+ 31. Rd3 Qb1+ 32. Ke2 Rg2+ 33. Bf2 Rxf2+ 34. Ke3 Qb6+ 35. Kxe4 Re2+ 36. Kf5 Qe6+ 37. Kg5 0-1

[Event "FRA-chT2 South 0708"]
[Site "France"]
[Date "2008.03.16"]
[Round "9.5"]
[White "Bes, Stephane"]
[Black "Leygue, Dominique"]
[Result "0-1"]
[WhiteElo "2139"]
[BlackElo "2308"]
[PlyCount "50"]
[EventDate "2007.10.21"]
[EventType "team"]
[EventRounds "11"]
[EventCountry "FRA"]
[SourceTitle "EXT 2009"]
[Source "ChessBase"]
[SourceDate "2008.11.26"]
[SourceVersion "1"]
[SourceVersionDate "2008.11.26"]
[SourceQuality "1"]
[WhiteTeam "Nice"]
[BlackTeam "Saint Affrique"]
[WhiteTeamCountry "FRA"]
[BlackTeamCountry "FRA"]

1. d4 Nf6 2. Nf3 g6 3. c4 Bg7 4. Nc3 0-0 5. e4 d6 6. Be2 e5 7. 0-0 Nc6 8. d5 Ne7 9. Ne1 Ne8 10. Nd3 f5 11. f3 h5 12. Bd2 f4 13. c5 g5 14. cxd6 cxd6 15. Rc1 Rf6 16. Nf2 Rg6 17. h3 Kh7 18. a4 Ng8 19. b4 Nh6 20. Qc2 g4 21. fxg4 hxg4 22. Nxg4 Bxg4 23. hxg4 Nf6 24. a5 Nfxg4 25. Bxg4 Nxg4 0-1

[Event "FRA-chT2 South 0708"]
[Site "France"]
[Date "2008.01.19"]
[Round "5.5"]
[White "Quillien, Emmanuel"]
[Black "Leygue, Dominique"]
[Result "1-0"]
[WhiteElo "2142"]
[BlackElo "2308"]
[PlyCount "74"]
[EventDate "2007.10.21"]
[EventType "team"]
[EventRounds "11"]
[EventCountry "FRA"]
[SourceTitle "EXT 2009"]
[Source "ChessBase"]
[SourceDate "2008.11.26"]
[SourceVersion "1"]
[SourceVersionDate "2008.11.26"]
[SourceQuality "1"]
[WhiteTeam "Echiquier Bordelais"]
[BlackTeam "Saint Affrique"]
[WhiteTeamCountry "FRA"]
[BlackTeamCountry "FRA"]

1. d4 Nf6 2. Nf3 g6 3. Bg5 Bg7 4. Nbd2 d6 5. e4 c5 6. dxc5 dxc5 7. Bc4 Nc6 8. c3 a6 9. a4 Na5 10. Qe2 Nxc4 11. Nxc4 Be6 12. a5 Qc7 13. Nfd2 Ng4 14. Bh4 Rd8 15. Bg3 Qc6 16. f3 Nh6 17. Ne5 Qc8 18. Ndc4 Bxe5 19. Bxe5 f6 20. Bf4 g5 21. Be3 Nf7 22. 0-0 Qc6 23. Nb6 g4 24. Bf4 gxf3 25. Qxf3 Rg8 26. Rae1 Bg4 27. Qe3 c4 28. Nd5 Rd7 29. Rf2 f5 30. Nc7+ Rxc7 31. Bxc7 Qxc7 32. exf5 Ng5 33. Kh1 Kf8 34. h3 Bh5 35. f6 e5 36. Rf5 h6 37. Rxe5 Bf7 1-0

[Event "FRA-chT2 South 0708"]
[Site "France"]
[Date "2007.12.16"]
[Round "4.5"]
[White "Leygue, Dominique"]
[Black "Favarel, Antoine"]
[Result "1-0"]
[WhiteElo "2321"]
[BlackElo "2064"]
[PlyCount "109"]
[EventDate "2007.10.21"]
[EventType "team"]
[EventRounds "11"]
[EventCountry "FRA"]
[SourceTitle "EXT 2009"]
[Source "ChessBase"]
[SourceDate "2008.11.26"]
[SourceVersion "1"]
[SourceVersionDate "2008.11.26"]
[SourceQuality "1"]
[WhiteTeam "Saint Affrique"]
[BlackTeam "Bordeaux ASPOM"]
[WhiteTeamCountry "FRA"]
[BlackTeamCountry "FRA"]

1. e4 c5 2. Nf3 Nc6 3. b3 e5 4. Bc4 Be7 5. c3 Nf6 6. Qe2 0-0 7. 0-0 d6 8. h3 Nh5 9. d4 cxd4 10. cxd4 exd4 11. g4 d3 12. Qxd3 Bf6 13. Nc3 Nb4 14. Qd2 Nf4 15. Qxf4 Bxc3 16. Ba3 Be6 17. Bxb4 Bxb4 18. Bd5 Bxd5 19. exd5 Bc3 20. Rac1 Rc8 21. Qe3 Re8 22. Qxa7 Qd7 23. Qa4 Qxa4 24. bxa4 Rc5 25. Rc2 Bb4 26. Rxc5 Bxc5 27. Re1 Ra8 28. Re7 b6 29. Re4 Kf8 30. Nd4 g6 31. Nb5 Kg7 32. Kf1 Kf6 33. f4 Ra5 34. Ke2 g5 35. f5 h5 36. Kd3 hxg4 37. hxg4 Kg7 38. Kc3 Ra8 39. Nc7 Rc8 40. Ne8+ Kf8 41. Nf6 Be3+ 42. Kb3 Bd2 43. Re2 Ba5 44. Rc2 Rd8 45. Nh7+ Kg7 46. Nxg5 Re8 47. Rc7 Re3+ 48. Kc2 Kf6 49. Nxf7 Re2+ 50. Kd3 Rxa2 51. Nxd6 Rg2 52. Ne4+ Ke5 53. d6 Rg1 54. Re7+ Kf4 55. f6 1-0

[Event "FRA-chT2 South 0708"]
[Site "France"]
[Date "2007.11.24"]
[Round "2.5"]
[White "Leygue, Dominique"]
[Black "Lallement, Victor"]
[Result "1-0"]
[WhiteElo "2321"]
[BlackElo "2074"]
[PlyCount "61"]
[EventDate "2007.10.21"]
[EventType "team"]
[EventRounds "11"]
[EventCountry "FRA"]
[SourceTitle "EXT 2009"]
[Source "ChessBase"]
[SourceDate "2008.11.26"]
[SourceVersion "1"]
[SourceVersionDate "2008.11.26"]
[SourceQuality "1"]
[WhiteTeam "Saint Affrique"]
[BlackTeam "L'Isle sur la Sorgue"]
[WhiteTeamCountry "FRA"]
[BlackTeamCountry "FRA"]

1. e4 c5 2. Nf3 d6 3. d4 cxd4 4. Nxd4 Nf6 5. Nc3 a6 6. Bg5 e6 7. f4 Nbd7 8. Qf3 Qc7 9. 0-0-0 b5 10. e5 Bb7 11. Qh3 dxe5 12. Nxe6 fxe6 13. Qxe6+ Be7 14. Nxb5 axb5 15. Bxb5 Bd5 16. Qxe5 Qxe5 17. fxe5 0-0-0 18. exf6 Nxf6 19. Rhe1 Bd6 20. Re3 Bxg2 21. Rc3+ Bc7 22. Rg1 Nd5 23. Ba6+ Kb8 24. Rb3+ Ka7 25. Rxg2 Bf4+ 26. Bxf4 Nxf4 27. Rg4 Rd4 28. Ra3 g6 29. c3 h5 30. Rg5 Rdd8 31. Rb5 1-0

[Event "Cap d'Agde op"]
[Site "Cap d'Agde"]
[Date "2006.10.28"]
[Round "3"]
[White "Howell, David"]
[Black "Leygue, Dominique"]
[Result "1-0"]
[WhiteElo "2471"]
[BlackElo "2307"]
[PlyCount "61"]
[EventDate "2006.10.26"]
[EventType "swiss"]
[EventRounds "9"]
[EventCountry "FRA"]
[SourceTitle "EXT 2007"]
[Source "ChessBase"]
[SourceDate "2006.11.23"]
[SourceVersion "1"]
[SourceVersionDate "2006.11.23"]
[SourceQuality "1"]

1. e4 e5 2. Nf3 Nc6 3. Bb5 f5 4. d3 fxe4 5. dxe4 Nf6 6. Qe2 d6 7. Nc3 Bd7 8. 0-0 Be7 9. Qc4 Na5 10. Bxd7+ Qxd7 11. Qb4 b6 12. Nd5 Nxd5 13. exd5 0-0 14. Be3 Rf7 15. Nd2 Nb7 16. Ne4 Raf8 17. Qc4 a5 18. a3 Ra8 19. b4 Rff8 20. Rae1 axb4 21. axb4 b5 22. Qd3 c5 23. bxc5 dxc5 24. d6 Bxd6 25. Rd1 Rad8 26. Bg5 Qc6 27. Bxd8 Rxd8 28. Ng5 g6 29. Qh3 Qd7 30. Qf3 Re8 31. Ne4 1-0

[Event "Marseille"]
[Site "Marseille"]
[Date "2006.06.30"]
[Round "1"]
[White "Humeau, Cyril"]
[Black "Leygue, Dominique"]
[Result "0-1"]
[WhiteElo "2104"]
[BlackElo "2345"]
[PlyCount "138"]
[EventDate "2006.06.30"]
[EventType "tourn"]
[EventRounds "9"]
[EventCountry "FRA"]
[EventCategory "4"]
[SourceTitle "CBM 113 Extra"]
[Source "ChessBase"]
[SourceDate "2006.09.14"]
[SourceVersion "1"]
[SourceVersionDate "2006.09.14"]
[SourceQuality "1"]

1. d4 Nf6 2. Nf3 g6 3. c4 Bg7 4. Nc3 0-0 5. e4 d6 6. Be2 e5 7. dxe5 dxe5 8. Qxd8 Rxd8 9. Bg5 Re8 10. Nd5 Nxd5 11. cxd5 c6 12. Bc4 cxd5 13. Bxd5 Nc6 14. 0-0-0 Nb4 15. Bb3 Bg4 16. h3 Be6 17. Kb1 Bxb3 18. axb3 Na6 19. Rd5 f6 20. Be3 Re7 21. Rhd1 b6 22. Rd6 Kf7 23. Rc6 Ke8 24. Rcd6 Rc8 25. Ne1 Nb8 26. Nd3 Rd7 27. Rxd7 Nxd7 28. Rc1 Rxc1+ 29. Kxc1 Bf8 30. Kd2 Kd8 31. Kc3 Kc7 32. f3 Kc6 33. Kc4 Bd6 34. g4 g5 35. Bf2 Nf8 36. b4 a6 37. Nc1 Ne6 38. Ne2 Bc7 39. Be3 b5+ 40. Kd3 Bb6 41. Bxb6 Kxb6 42. Ng3 Nf4+ 43. Ke3 a5 44. Ne2 Nxh3 45. bxa5+ Kxa5 46. Nc3 Nf4 47. Na2 Ka4 48. Nc3+ Kb4 49. Kd2 Kc4 50. b3+ Kc5 51. Ke3 h6 52. Kd2 b4 53. Na4+ Kb5 54. Nb2 Ne6 55. Nc4 Nd4 56. Nd6+ Kc5 57. Ne8 Nxb3+ 58. Kd3 Nd4 59. Nxf6 Nxf3 60. Ng8 Kb5 61. Nxh6 Ka4 62. Nf5 b3 63. Kc3 Ka3 64. Ne3 Ka2 65. Nc4 Nd4 66. Nxe5 Nb5+ 67. Kc4 b2 68. Kxb5 b1Q+ 69. Kc5 Qxe4 0-1

[Event "Condom op 4th"]
[Site "Condom"]
[Date "2005.07.16"]
[Round "9"]
[White "Leygue, Dominique"]
[Black "Sulypa, Oleksandr"]
[Result "0-1"]
[WhiteElo "2322"]
[BlackElo "2465"]
[PlyCount "68"]
[EventDate "2005.07.09"]
[EventType "swiss"]
[EventRounds "9"]
[EventCountry "FRA"]
[SourceTitle "CBM 107 Extra"]
[Source "ChessBase"]
[SourceDate "2005.09.01"]
[SourceVersion "1"]
[SourceVersionDate "2005.09.01"]
[SourceQuality "1"]

1. e4 c5 2. Nc3 Nc6 3. g3 g6 4. Bg2 Bg7 5. d3 d6 6. Be3 Rb8 7. Qd2 b5 8. f4 b4 9. Nd1 Bd7 10. Nf3 Nf6 11. h3 0-0 12. g4 Ne8 13. f5 e6 14. Bg5 f6 15. fxe6 fxg5 16. exd7 Qxd7 17. 0-0 Nc7 18. c4 Nd4 19. Ne3 Nxf3+ 20. Rxf3 Rxf3 21. Bxf3 Bd4 22. Kh1 Qg7 23. Nd5 Bxb2 24. Rb1 Nxd5 25. exd5 Be5 26. Qxg5 Rf8 27. Qe3 Kh8 28. Rf1 a5 29. d4 cxd4 30. Qe1 Qh6 31. Bg2 Rxf1+ 32. Qxf1 Kg7 33. Qe2 Qc1+ 34. Bf1 a4 0-1

[Event "Condom op 4th"]
[Site "Condom"]
[Date "2005.07.12"]
[Round "5"]
[White "Leygue, Dominique"]
[Black "Deschamps, Remi"]
[Result "1-0"]
[WhiteElo "2322"]
[BlackElo "2057"]
[PlyCount "43"]
[EventDate "2005.07.09"]
[EventType "swiss"]
[EventRounds "9"]
[EventCountry "FRA"]
[SourceTitle "CBM 107 Extra"]
[Source "ChessBase"]
[SourceDate "2005.09.01"]
[SourceVersion "1"]
[SourceVersionDate "2005.09.01"]
[SourceQuality "1"]

1. d4 Nf6 2. Nf3 g6 3. Nc3 d5 4. Bf4 Bg7 5. e3 0-0 6. Be2 Re8 7. Ne5 c6 8. h4 Nfd7 9. h5 Nxe5 10. dxe5 f6 11. hxg6 hxg6 12. Bd3 f5 13. Qf3 Be6 14. 0-0-0 Nd7 15. Qg3 Kf7 16. e4 Nc5 17. exd5 Bxd5 18. Rh7 Nxd3+ 19. Rxd3 e6 20. Bg5 Qb6 21. Bf6 Rg8 22. Qg5 1-0

[Event "Marseille op"]
[Site "Marseille"]
[Date "2005.06.??"]
[Round "3"]
[White "Leygue, Dominique"]
[Black "Munos, Julien"]
[Result "1-0"]
[WhiteElo "2293"]
[BlackElo "1540"]
[PlyCount "85"]
[EventDate "2005.06.??"]
[EventType "swiss"]
[EventRounds "9"]
[EventCountry "FRA"]
[SourceTitle "EXT 2006"]
[Source "ChessBase"]
[SourceDate "2005.11.24"]
[SourceVersion "1"]
[SourceVersionDate "2005.11.24"]
[SourceQuality "1"]

1. e4 c5 2. Nf3 Nc6 3. d4 cxd4 4. Nxd4 Nf6 5. Nc3 a6 6. Bg5 e6 7. Nxc6 bxc6 8. Qf3 Be7 9. e5 Nd5 10. Ne4 f6 11. Bh4 0-0 12. exf6 Nxf6 13. Bd3 Qa5+ 14. c3 Qd5 15. Bxf6 Bxf6 16. Qh3 h6 17. Bc2 Rb8 18. Rd1 Qc4 19. Nd6 Qc5 20. 0-0 Be7 21. Nxc8 Rbxc8 22. Rxd7 Rf6 23. Bb3 Rcf8 24. Rd2 Qe5 25. Qg3 Qxg3 26. hxg3 Bc5 27. g4 Kh8 28. g3 Rg6 29. Kg2 e5 30. Re1 Rgf6 31. f3 Rxf3 32. Rxe5 Rf2+ 33. Rxf2 Rxf2+ 34. Kh3 Ba7 35. Re8+ Kh7 36. Be6 Bc5 37. b4 Bb6 38. Bf5+ g6 39. Re7+ Kg8 40. Bxg6 Rxa2 41. Rb7 Bg1 42. Bf7+ Kf8 43. Bxa2 1-0

[Event "FRA-chT2 0405"]
[Site "France"]
[Date "2005.04.03"]
[Round "11.5"]
[White "Deumie, Philippe"]
[Black "Leygue, Dominique"]
[Result "0-1"]
[WhiteElo "2012"]
[BlackElo "2278"]
[PlyCount "60"]
[EventDate "2004.10.10"]
[EventType "team"]
[EventRounds "11"]
[EventCountry "FRA"]
[SourceTitle "EXT 2006"]
[Source "ChessBase"]
[SourceDate "2005.11.24"]
[SourceVersion "1"]
[SourceVersionDate "2005.11.24"]
[SourceQuality "1"]

1. e4 e5 2. Nf3 Nc6 3. Bc4 Nf6 4. Ng5 Bc5 5. d3 0-0 6. Nc3 d6 7. Nf3 h6 8. Be3 Nh5 9. Qd2 Bg4 10. Ne2 Bxf3 11. gxf3 Qf6 12. 0-0-0 Qxf3 13. Rhg1 Kh7 14. Ng3 Nf4 15. Nf5 Ne2+ 16. Kb1 Nxg1 17. Rxg1 g6 18. d4 gxf5 19. Be2 Qh3 20. dxc5 f4 21. Bxf4 exf4 22. Qxf4 Qe6 23. Bg4 Rg8 24. Bf5+ Kh8 25. Rd1 Qf6 26. cxd6 cxd6 27. a3 Qg5 28. Qf3 Rad8 29. Qb3 Qf6 30. Qxb7 Rb8 0-1

[Event "FRA-chT2 0405"]
[Site "France"]
[Date "2004.12.05"]
[Round "4.2"]
[White "Bouhlel, Mohamed Ali"]
[Black "Leygue, Dominique"]
[Result "0-1"]
[WhiteElo "2188"]
[BlackElo "2278"]
[PlyCount "46"]
[EventDate "2004.10.10"]
[EventType "team"]
[EventRounds "11"]
[EventCountry "FRA"]
[SourceTitle "EXT 2006"]
[Source "ChessBase"]
[SourceDate "2005.11.24"]
[SourceVersion "1"]
[SourceVersionDate "2005.11.24"]
[SourceQuality "1"]
[WhiteTeam "Echiquier Nicois  II"]
[WhiteTeamCountry "FRA"]

1. e4 e5 2. Nf3 Nc6 3. Bc4 Nf6 4. d3 Be7 5. Nc3 d6 6. h3 Be6 7. Bxe6 fxe6 8. d4 exd4 9. Nxd4 Qd7 10. Be3 Nxd4 11. Qxd4 c5 12. Qd3 Qc6 13. Qb5 0-0 14. e5 Qxg2 15. 0-0-0 dxe5 16. Rhg1 Qc6 17. Bg5 Qxb5 18. Nxb5 Rfd8 19. Rde1 Kf7 20. Rxe5 a6 21. Nc7 Bd6 22. Bxf6 Bxc7 23. Rxc5 Bf4+ 0-1

[Event "Marseille op 5th"]
[Site "Marseille"]
[Date "2004.06.26"]
[Round "1"]
[White "Vuckovic, Bojan"]
[Black "Leygue, Dominique"]
[Result "1-0"]
[WhiteElo "2533"]
[BlackElo "2270"]
[PlyCount "75"]
[EventDate "2004.06.??"]
[EventType "swiss"]
[EventRounds "9"]
[EventCountry "FRA"]
[SourceTitle "EXT 2005"]
[Source "ChessBase"]
[SourceDate "2004.11.15"]
[SourceVersion "1"]
[SourceVersionDate "2004.11.15"]
[SourceQuality "1"]

1. e4 e5 2. Nf3 Nc6 3. d4 exd4 4. Nxd4 Nf6 5. Nxc6 bxc6 6. e5 Qe7 7. Qe2 Nd5 8. c4 Ba6 9. b3 f6 10. Bb2 fxe5 11. Qh5+ g6 12. Qxe5 Nf6 13. Nd2 0-0-0 14. Be2 Re8 15. Qxe7 Bxe7 16. 0-0 Rhf8 17. Bf3 Bb4 18. Rfd1 Bxd2 19. Rxd2 Ne4 20. Rd4 Ng5 21. Bg4 Ne6 22. Re4 Ng5 23. Rxe8+ Rxe8 24. Rd1 Ne6 25. f4 c5 26. f5 gxf5 27. Bxf5 Bb7 28. Re1 Rg8 29. g3 Ng5 30. Re7 Bc6 31. Bg7 Nf3+ 32. Kf2 h5 33. h4 Kd8 34. Bf6 Kc8 35. Bh7 Rg4 36. Re8+ Kb7 37. Bf5 Nh2 38. Rf8 1-0

[Event "FRA-chT2 0304a"]
[Site "France"]
[Date "2004.04.04"]
[Round "11.2"]
[White "Rodriguez Cespedes, Amador"]
[Black "Leygue, Dominique"]
[Result "1-0"]
[WhiteElo "2464"]
[BlackElo "2270"]
[PlyCount "101"]
[EventDate "2003.10.??"]
[EventType "team"]
[EventRounds "11"]
[EventCountry "FRA"]
[SourceTitle "EXT 2005"]
[Source "ChessBase"]
[SourceDate "2004.11.15"]
[SourceVersion "1"]
[SourceVersionDate "2004.11.15"]
[SourceQuality "1"]
[WhiteTeam "Avignon"]
[BlackTeam "Marseille EFE"]
[WhiteTeamCountry "FRA"]
[BlackTeamCountry "FRA"]

1. e4 e5 2. Nf3 Nc6 3. Bb5 f5 4. Bxc6 dxc6 5. Nc3 Nf6 6. Qe2 Bd6 7. d4 Qe7 8. dxe5 Bxe5 9. Nxe5 Qxe5 10. exf5 Qxe2+ 11. Nxe2 Bxf5 12. Nd4 Bg6 13. Bg5 c5 14. Ne6 Kf7 15. Nxc7 Rad8 16. 0-0 a6 17. c4 Rd7 18. Bxf6 Rxc7 19. Bg5 Bd3 20. Rfc1 b5 21. b3 bxc4 22. bxc4 Rb7 23. Rc3 Rb1+ 24. Rxb1 Bxb1 25. Ra3 Rb8 26. h4 Rb2 27. Rxa6 Bxa2 28. Ra7+ Kg6 29. Bf4 Re2 30. h5+ Kf6 31. h6 g5 32. Be3 Bxc4 33. Rxh7 Kg6 34. Rh8 Bf7 35. h7 Bc4 36. Bxc5 Re5 37. Bd4 Re1+ 38. Kh2 Re7 39. Rg8+ Kxh7 40. Rxg5 Rd7 41. Be3 Rd1 42. Ra5 Bd5 43. g4 Be6 44. Rh5+ Kg6 45. Rh6+ Kf7 46. g5 Bd5 47. Kg3 Rh1 48. Rf6+ Kg7 49. Rd6 Bf7 50. Bd4+ Kh7 51. f4 1-0

[Event "FRA-chT2 0304a"]
[Site "France"]
[Date "2004.04.03"]
[Round "10.4"]
[White "Leygue, Dominique"]
[Black "Ravot, Sylvain"]
[Result "1/2-1/2"]
[WhiteElo "2270"]
[BlackElo "2250"]
[PlyCount "57"]
[EventDate "2003.10.??"]
[EventType "team"]
[EventRounds "11"]
[EventCountry "FRA"]
[SourceTitle "EXT 2005"]
[Source "ChessBase"]
[SourceDate "2004.11.15"]
[SourceVersion "1"]
[SourceVersionDate "2004.11.15"]
[SourceQuality "1"]
[WhiteTeam "Marseille EFE"]
[BlackTeam "Lyon Olympique"]
[WhiteTeamCountry "FRA"]
[BlackTeamCountry "FRA"]

1. e4 e5 2. Nf3 Nc6 3. Bc4 Nf6 4. d4 exd4 5. 0-0 Nxe4 6. Re1 d5 7. Bxd5 Qxd5 8. Nc3 Qa5 9. Nxe4 Be6 10. Bd2 Bb4 11. Nxd4 Nxd4 12. c3 0-0-0 13. cxb4 Qf5 14. Rc1 Bd5 15. Ng3 Qg6 16. Qa4 a6 17. Bf4 Bc6 18. Qa5 Rd7 19. h4 Rhd8 20. b5 Nxb5 21. h5 Qd3 22. Rxc6 bxc6 23. Qxa6+ Kb8 24. Re3 Qc4 25. Qb6+ Ka8 26. Qa6+ Kb8 27. Qb6+ Kc8 28. Qa6+ Kb8 29. Qb6+ 1/2-1/2

[Event "FRA-chT2 0304a"]
[Site "France"]
[Date "2003.11.16"]
[Round "3.3"]
[White "Leygue, Dominique"]
[Black "Armas, Jules"]
[Result "0-1"]
[WhiteElo "2265"]
[BlackElo "2375"]
[PlyCount "62"]
[EventDate "2003.10.??"]
[EventType "team"]
[EventRounds "11"]
[EventCountry "FRA"]
[SourceTitle "EXT 2005"]
[Source "ChessBase"]
[SourceDate "2004.11.15"]
[SourceVersion "1"]
[SourceVersionDate "2004.11.15"]
[SourceQuality "1"]
[WhiteTeam "Marseille EFE"]
[BlackTeam "Cannes II"]
[WhiteTeamCountry "FRA"]
[BlackTeamCountry "FRA"]

1. e4 c5 2. Nf3 d6 3. d4 Nf6 4. Nc3 cxd4 5. Nxd4 a6 6. Bg5 Nbd7 7. f4 g6 8. Qf3 Bg7 9. 0-0-0 Qc7 10. g4 Nb6 11. Bxf6 Bxf6 12. g5 Bg7 13. f5 Bxd4 14. Rxd4 Qc5 15. Rd5 Nxd5 16. Nxd5 gxf5 17. exf5 Bd7 18. b4 Qd4 19. c3 Qe5 20. Kd2 Bxf5 21. Bg2 Bd7 22. Nf6+ Kd8 23. Nxd7 Qxg5+ 24. Kc2 Qb5 25. Bh3 a5 26. Qxf7 Qe2+ 27. Kb3 axb4 28. Kxb4 Qe4+ 29. Kb3 Qxh1 30. Qf5 Qd1+ 31. Kb2 Qd2+ 0-1

[Event "FRA-chT2 0304a"]
[Site "France"]
[Date "2003.11.15"]
[Round "2.4"]
[White "Leygue, Dominique"]
[Black "Moncamp, Gilles"]
[Result "1-0"]
[WhiteElo "2265"]
[BlackElo "2245"]
[PlyCount "71"]
[EventDate "2003.10.??"]
[EventType "team"]
[EventRounds "11"]
[EventCountry "FRA"]
[SourceTitle "EXT 2005"]
[Source "ChessBase"]
[SourceDate "2004.11.15"]
[SourceVersion "1"]
[SourceVersionDate "2004.11.15"]
[SourceQuality "1"]
[WhiteTeam "Marseille EFE"]
[BlackTeam "Antibes"]
[WhiteTeamCountry "FRA"]
[BlackTeamCountry "FRA"]

1. e4 e5 2. Nf3 Nc6 3. Bc4 Bc5 4. b4 Bxb4 5. c3 Be7 6. d4 exd4 7. Qb3 Na5 8. Bxf7+ Kf8 9. Qa4 Kxf7 10. Qxa5 c5 11. Qa4 d5 12. cxd4 Qe8 13. Qb3 c4 14. Ne5+ Kf8 15. Qf3+ Nf6 16. exd5 Bd6 17. Ba3 Bxa3 18. Qxa3+ Kg8 19. Nc3 b5 20. 0-0 Bb7 21. Qc5 Rc8 22. Qxa7 Bxd5 23. Nxd5 Nxd5 24. Qb7 Nc3 25. Rfe1 h5 26. Re3 Rb8 27. Qf3 b4 28. Nc6 Qf7 29. Nxb8 Qxf3 30. gxf3 Rh6 31. a3 Nd5 32. axb4 Nxe3 33. fxe3 Rb6 34. Na6 c3 35. Nc5 Rxb4 36. Rc1 1-0